| 000 | 00652nam 22001813 4500 | ||
|---|---|---|---|
| 001 | 201057 | ||
| 021 | _b6573/84 | ||
| 090 | _a201057 | ||
| 100 | _a20260309d u||y0pory50 ba | ||
| 200 |
_aOpúsculos (3) _eViana da Mota. Subsídios para uma biografia incluindo 22 cartas ao autor (2ª edição),Em louvor de Mozart (2º ed.), Evocação de Chopin (2ª ed), A música em Portugal _fFernando Lopes Graça |
||
| 210 |
_aLisboa _cEditorial Caminho _d1985 |
||
| 215 |
_a175 p. _cbrochado _d20 cm |
||
| 606 |
_91103 _aMúsica |
||
| 675 |
_a78 _vPT _zpor |
||
| 700 |
_97496 _aLopes-Graça _bFernando |
||
| 801 |
_aPT _bBMMN _gRPC |
||
| 830 |
_cFernando _fFernando |
||
| 990 | _cLIVROS | ||